Testing and inspection of engineering materials (Record no. 10108)

000 -LEADER
fixed length control field 00598nam a22002171 4500
001 - CONTROL NUMBER
control field 10108
003 - CONTROL NUMBER IDENTIFIER
control field BD-DhUET
008 - FIXED-LENGTH DATA ELEMENTS--GENERAL INFORMATION
fixed length control field 730116s1964 nyua b 000 0 eng
040 ## - CATALOGING SOURCE
Transcribing agency 0
Modifying agency BD-DhUET
082 ## - DEWEY DECIMAL CLASSIFICATION NUMBER
Classification number 620.11291
Item number DAV/1964
100 ## - MAIN ENTRY--PERSONAL NAME
Personal name Davis, Harmer Elmer
245 14 - TITLE STATEMENT
Title Testing and inspection of engineering materials
250 ## - EDITION STATEMENT
Edition statement 3rd ed.
260 ## - PUBLICATION, DISTRIBUTION, ETC. (IMPRINT)
Place of publication, distribution, etc. New York
Name of publisher, distributor, etc. McGraw-Hill Book
Date of publication, distribution, etc. 1964
300 ## - PHYSICAL DESCRIPTION
Extent xvi, 475 p.
Other physical details ill.
Dimensions 23 cm.
490 1# - SERIES STATEMENT
Series statement McGraw-Hill civil engineering series
650 #0 - SUBJECT ADDED ENTRY--TOPICAL TERM
Topical term or geographic name as entry element Materials
700 ## - ADDED ENTRY--PERSONAL NAME
Personal name Troxell, George Earl
700 ## - ADDED ENTRY--PERSONAL NAME
Personal name Wiskocil, Clement T.
942 ## - ADDED ENTRY ELEMENTS (KOHA)
Koha item type General Book
Holdings
Shelving location Withdrawn status Sublocation or collection (holding branch) Copy number Koha date last seen Damaged status Koha item type Piece designation (barcode) Price effective from Koha full call number Not for loan Date acquired Source of classification or shelving scheme Location (home branch) Koha normalized classification for sorting Lost status
Circulation section Central Library, BUET12015-02-04 General Book240312015-02-04620.11291/DAV/1964 2015-02-04 Central Library, BUET620_112910000000000_DAV_1964 
Circulation section Central Library, BUET22015-04-27 General Book360462015-04-27620.11291/DAV/1964 2015-04-27 Central Library, BUET620_112910000000000_DAV_1964 
Circulation section Central Library, BUET32015-04-27 General Book240332015-04-27620.11291/DAV/1964 2015-04-27 Central Library, BUET620_112910000000000_DAV_1964 
Reading section Central Library, BUET42015-06-23 Reading Item240322015-06-23620.11291/DAV/1964 2015-06-23 Central Library, BUET620_112910000000000_DAV_1964